| 000 | 01113nam a2200337 i 4500 | ||
|---|---|---|---|
| 001 | 000013189 | ||
| 003 | DO-SdBNP | ||
| 005 | 20260330114347.0 | ||
| 007 | ta | ||
| 008 | 091120s1986 dr a 001 f spa d | ||
| 020 | _z848400XXX | ||
| 040 |
_aDO-SdBNP _bspa _cBNPHU _erda |
||
| 041 | _aspa | ||
| 082 | 4 |
_a863.64 _bV393v 1986 _222 |
|
| 100 | 1 |
_aVázquez-Figueroa, Alberto. _d1936- _eautor _4aut. _921403 |
|
| 245 | 1 | 0 |
_aVendaval / _cAlberto Vázquez Figueroa |
| 250 | _aSegunda edición | ||
| 264 | 4 |
_aSanto Domingo : _bEdiciones de Taller, _c©1986. |
|
| 300 |
_a218 paginas : _bilustraciones ; _c21 cm. |
||
| 336 |
_atexto _btxt _2rdacontent |
||
| 337 |
_asin mediación _bn _2rdamedia |
||
| 338 |
_avolumen _bnc _2rdacarrier |
||
| 490 | 0 |
_aBiblioteca taller ; _v235 |
|
| 500 | _aIncluye breve biografía del autor en la contracubierta. | ||
| 590 | _ainventariado, 2024/DG | ||
| 650 | 4 |
_aNovela española _91123 |
|
| 650 | 4 |
_aLiteratura española _9632 |
|
| 651 | 4 |
_aRepública Dominicana _xHistoria _yRevolución 1965 _xNovela _927122 |
|
| 910 | _aValidado. Control de calidad EMS. | ||
| 942 |
_2ddc _cLBS1 |
||
| 999 |
_c12828 _d12828 |
||